000 01331cam a2200385 4500
001 024703354
003 DE-627
005 20220208165734.0
007 tu
008 891005s1989 gw ||||| 00| ||ger c
015 _a89,A43,1060
_2dnb
016 7 _a891479244
_2DE-101
020 _a3550076495
_93-550-07649-5
035 _a(DE-627)024703354
035 _a(DE-576)019016670
035 _a(DE-599)GBV024703354
035 _a(OCoLC)24630064
035 _a(OCoLC)24630064
040 _aDE-627
_bger
_cDE-627
041 _ager
100 1 _aWuermeling, Henric L.
_d1941-
_0(DE-588)124327168
_0(DE-627)085788368
_0(DE-576)163629986
_4aut
_92335
245 1 0 _aAugust '39
_b11 Tage zwischen Frieden und Krieg ; 21. Aug. - 1. Sept. 1939
_cHenric L. Wuermeling ; Mit 62 Abbildungen und Fasimiles
264 1 _aBerlin
_aFrankfurt/M
_bUllstein
_c1989
300 _a199 Seiten
_bIllustrationen
_c21 cm
336 _aText
_btxt
_2rdacontent
337 _aohne Hilfsmittel zu benutzen
_bn
_2rdamedia
338 _aBand
_bnc
_2rdacarrier
504 _aLiteraturverzeichnis (S. 187 - 190)
650 4 _aKriegsausbruch
_92336
650 4 _aWeltkrieg <1939-1945>
_9385
650 4 _aVorgeschichte
_92337
856 4 2 _uhttp://d-nb.info/891479244/04
_mB:DE-101
_qapplication/pdf
_3Inhaltsverzeichnis
942 _2z
_cMG
999 _c57007
_d57007